[Event "Espalion op 3rd"]
[Site "Espalion"]
[Date "2018.07.19"]
[Round "7"]
[White "Verat Fayolle, Celian"]
[Black "Flaujac, Benoit"]
[Result "1-0"]
[WhiteElo "1759"]
[BlackElo "1902"]
[PlyCount "75"]
[EventDate "2018.07.14"]
[EventType "swiss"]
[EventRounds "9"]
[EventCountry "FRA"]
[SourceTitle "CBM 185 Extra"]
[Source "ChessBase"]
[SourceDate "2018.07.29"]
[SourceVersion "1"]
[SourceVersionDate "2018.07.29"]
[SourceQuality "1"]

1. e4 e5 2. Nf3 Nc6 3. Bc4 Nf6 4. Ng5 d5 5. exd5 Na5 6. d3 h6 7. Nf3 e4 8. Qe2 Nxc4 9. dxc4 Bc5 10. Nfd2 0-0 11. Nb3 Bg4 12. Qf1 Bd6 13. h3 Bh5 14. g4 Bg6 15. Nc3 c6 16. Be3 cxd5 17. cxd5 a5 18. 0-0-0 a4 19. Nc5 a3 20. Nxb7 axb2+ 21. Kb1 Qc7 22. Nxd6 Qxc3 23. Qc4 Qe5 24. Bc5 Nd7 25. Qd4 Qf4 26. Nf5 Ne5 27. Ne7+ Kh7 28. Nxg6 fxg6 29. Bxf8 Rxf8 30. Qe3 Qf7 31. Qxe4 Re8 32. Rhe1 Qxf2 33. d6 Rc8 34. Re2 Qa7 35. Qxe5 Ra8 36. Qd5 Qa6 37. Re7 Rf8 38. Qd4 1-0

[Event "Espalion op 2nd"]
[Site "Espalion"]
[Date "2017.07.20"]
[Round "7"]
[White "Estadieu, Romeo"]
[Black "Flaujac, Benoit"]
[Result "1/2-1/2"]
[WhiteElo "2049"]
[BlackElo "1809"]
[PlyCount "73"]
[EventDate "2017.07.15"]
[EventType "swiss"]
[EventRounds "9"]
[EventCountry "FRA"]
[SourceTitle "CBM 179 Extra"]
[Source "ChessBase"]
[SourceDate "2017.08.23"]
[SourceVersion "1"]
[SourceVersionDate "2017.08.23"]
[SourceQuality "1"]

1. d4 Nf6 2. c4 e6 3. Nc3 d5 4. cxd5 exd5 5. Bg5 Bb4 6. Qa4+ Nc6 7. e3 h6 8. Bxf6 Qxf6 9. Bb5 Bxc3+ 10. bxc3 Bd7 11. Nf3 a6 12. Bd3 0-0 13. 0-0 Bg4 14. Ne5 Nxe5 15. dxe5 Qe6 16. c4 Qxe5 17. cxd5 Qxd5 18. Be4 Qd7 19. Qxd7 Bxd7 20. Bxb7 Ra7 21. Bf3 Rc8 22. Rfd1 c5 23. Bd5 Be6 24. Bxe6 fxe6 25. Rac1 c4 26. Rd4 c3 27. Rd3 Rb7 28. Kf1 c2 29. Ke2 Rc6 30. Rb3 Rd7 31. Rb2 Rdc7 32. Kd3 Rd7+ 33. Ke2 Rdc7 34. a4 Kf7 35. a5 Rc5 36. Kd3 Rd5+ 37. Ke2 1/2-1/2

[Event "Espalion op 2nd"]
[Site "Espalion"]
[Date "2017.07.17"]
[Round "3"]
[White "Flaujac, Benoit"]
[Black "Libiszewski, Fabien"]
[Result "0-1"]
[WhiteElo "1809"]
[BlackElo "2542"]
[PlyCount "114"]
[EventDate "2017.07.15"]
[EventType "swiss"]
[EventRounds "9"]
[EventCountry "FRA"]
[SourceTitle "CBM 179 Extra"]
[Source "ChessBase"]
[SourceDate "2017.08.23"]
[SourceVersion "1"]
[SourceVersionDate "2017.08.23"]
[SourceQuality "1"]

1. e4 c5 2. c3 d6 3. d4 Qc7 4. Nf3 Nf6 5. Bd3 g6 6. h3 Bg7 7. 0-0 0-0 8. Be3 e5 9. Na3 a6 10. Rc1 b5 11. Nd2 Nh5 12. Be2 Nf4 13. Bxf4 exf4 14. Bf3 Bb7 15. e5 dxe5 16. Ne4 exd4 17. cxd4 c4 18. b3 Qa5 19. Nb1 cxb3 20. axb3 Nd7 21. Nc5 Nxc5 22. dxc5 Rad8 23. Qc2 Bxf3 24. gxf3 Qc7 25. c6 Rd6 26. Rfd1 Rxd1+ 27. Rxd1 Rc8 28. Rc1 b4 29. Qe4 a5 30. Rc4 Qd6 31. Kg2 h6 32. Qc2 f5 33. Qc1 Kh7 34. Qc2 Be5 35. Nd2 Rd8 36. Rc5 Bc3 37. c7 Rc8 38. Rxc3 bxc3 39. Qxc3 Qxc7 40. Qf6 Rb8 41. Nc4 Rxb3 42. Nxa5 Rb5 43. Nc6 Rb6 44. Qe7+ Qxe7 45. Nxe7 Rd6 46. Nc8 Rd7 47. Nb6 Rd4 48. Na8 Kg7 49. Nc7 Kf6 50. Nb5 Rd3 51. Na7 Ke6 52. Nc6 Kd6 53. Nd8 Rb3 54. Nf7+ Ke6 55. Nd8+ Kd5 56. Nf7 Rb8 57. Nxh6 Ke6 0-1

[Event "Espalion op 1st"]
[Site "Espalion"]
[Date "2016.07.15"]
[Round "8"]
[White "Flaujac, Benoit"]
[Black "Degraeve, Remy"]
[Result "1/2-1/2"]
[WhiteElo "1809"]
[BlackElo "2015"]
[PlyCount "107"]
[EventDate "2016.07.09"]
[EventType "swiss"]
[EventRounds "9"]
[EventCountry "FRA"]
[SourceTitle "CBM 173 Extra"]
[Source "ChessBase"]
[SourceDate "2016.08.29"]
[SourceVersion "1"]
[SourceVersionDate "2016.08.29"]
[SourceQuality "1"]

1. e4 e5 2. Nf3 Nc6 3. d4 exd4 4. Bc4 Bc5 5. c3 Nf6 6. e5 d5 7. Bb5 Ne4 8. Nxd4 0-0 9. Bxc6 bxc6 10. 0-0 Ba6 11. Re1 f6 12. e6 Qd6 13. Nd2 Bxd4 14. cxd4 Ng5 15. e7 Rfe8 16. Nb3 Ne6 17. Qg4 Rxe7 18. Bf4 Nxf4 19. Rxe7 Qxe7 20. Qxf4 Re8 21. h3 g5 22. Qg3 Qd6 23. Qc3 Re2 24. Re1 Kf7 25. Nc5 Qe7 26. Rxe2 Qxe2 27. Qa5 Bb5 28. a4 Qd1+ 29. Kh2 Qxd4 30. Qxc7+ Kg6 31. axb5 Qxc5 32. bxc6 d4 33. Qd7 Qc1 34. Qd6 Qc2 35. c7 d3 36. Qd7 d2 37. Qe8+ Kh6 38. Qd8 d1Q 39. Qxf6+ Qg6 40. Qf8+ Qg7 41. Qxg7+ Kxg7 42. c8Q Qd6+ 43. g3 Qb6 44. Qc3+ Kg6 45. Qd2 a5 46. Kg1 h6 47. Qd3+ Kg7 48. b3 Qe6 49. Kg2 Qc6+ 50. Qf3 Qb6 51. Qd5 Qb4 52. Qd7+ Kg6 53. Qe6+ Kg7 54. Qe5+ 1/2-1/2

[Event "Espalion op 1st"]
[Site "Espalion"]
[Date "2016.07.13"]
[Round "6"]
[White "Brochet, Thierry"]
[Black "Flaujac, Benoit"]
[Result "0-1"]
[WhiteElo "1582"]
[BlackElo "1809"]
[PlyCount "62"]
[EventDate "2016.07.09"]
[EventType "swiss"]
[EventRounds "9"]
[EventCountry "FRA"]
[SourceTitle "CBM 173 Extra"]
[Source "ChessBase"]
[SourceDate "2016.08.29"]
[SourceVersion "1"]
[SourceVersionDate "2016.08.29"]
[SourceQuality "1"]

1. e4 e5 2. Nf3 Nc6 3. Bc4 Bc5 4. c3 Nf6 5. d3 h6 6. 0-0 d6 7. h3 0-0 8. Re1 Re8 9. Be3 Bb6 10. Nbd2 Be6 11. Bb3 Bxe3 12. Rxe3 d5 13. Qc2 d4 14. cxd4 Nxd4 15. Nxd4 exd4 16. Rf3 Rc8 17. Nc4 b5 18. Na5 c5 19. Bxe6 Rxe6 20. Nb3 c4 21. Rc1 Re8 22. dxc4 bxc4 23. Nd2 d3 24. Qc3 Nxe4 25. Nxe4 Rxe4 26. Rxd3 Re1+ 27. Qxe1 cxd3 28. Rd1 Rc2 29. Rd2 Qd4 30. Qd1 Qc4 31. b3 Rxd2 0-1

[Event "Espalion op 1st"]
[Site "Espalion"]
[Date "2016.07.11"]
[Round "3"]
[White "Flaujac, Benoit"]
[Black "Marie, Olivier"]
[Result "1/2-1/2"]
[WhiteElo "1809"]
[BlackElo "1560"]
[PlyCount "76"]
[EventDate "2016.07.09"]
[EventType "swiss"]
[EventRounds "9"]
[EventCountry "FRA"]
[SourceTitle "CBM 173 Extra"]
[Source "ChessBase"]
[SourceDate "2016.08.29"]
[SourceVersion "1"]
[SourceVersionDate "2016.08.29"]
[SourceQuality "1"]

1. e4 e5 2. Nf3 d5 3. d4 dxe4 4. Nxe5 Bd6 5. f4 exf3 6. Nxf3 Nf6 7. Bc4 Nc6 8. 0-0 0-0 9. Bg5 Be7 10. c3 Nd5 11. Bxe7 Ncxe7 12. Qd2 Bf5 13. Na3 c6 14. Rae1 Bg6 15. Nc2 Rc8 16. Ne5 Rc7 17. Rf3 Nb6 18. Bd3 Bxd3 19. Qxd3 Ng6 20. Rh3 Re7 21. Ree3 Nd5 22. Nxg6 fxg6 23. Rxe7 Qxe7 24. Rf3 b5 25. Rxf8+ Kxf8 26. Qf3+ Kg8 27. Kf2 Qf7 28. Qxf7+ Kxf7 29. Kf3 Ke6 30. Ne3 Nb6 31. b3 a5 32. Ke4 Nc8 33. d5+ cxd5+ 34. Nxd5 Kd6 35. a3 Na7 36. c4 bxc4 37. bxc4 Nc6 38. Kd3 Kc5 1/2-1/2

[Event "Saint Affrique op 22nd"]
[Site "Saint Affrique"]
[Date "2014.07.23"]
[Round "6"]
[White "Flaujac, Benoit"]
[Black "Jackson, Edgar"]
[Result "1-0"]
[WhiteElo "1702"]
[BlackElo "1602"]
[PlyCount "113"]
[EventDate "2014.07.19"]
[EventType "swiss"]
[EventRounds "9"]
[EventCountry "FRA"]
[SourceTitle "CBM 161 Extra"]
[Source "ChessBase"]
[SourceDate "2014.08.29"]
[SourceVersion "1"]
[SourceVersionDate "2014.08.29"]
[SourceQuality "1"]

1. e4 c5 2. Nc3 Nc6 3. g3 e6 4. Bg2 Nf6 5. Nge2 d5 6. exd5 exd5 7. d4 Bf5 8. Bg5 Nb4 9. Rc1 Be7 10. a3 Nc6 11. dxc5 Be4 12. f3 Bg6 13. b4 0-0 14. 0-0 a6 15. Nd4 h6 16. Be3 Re8 17. Re1 Qd7 18. Na4 Bd8 19. Nb6 Bxb6 20. cxb6 a5 21. Nxc6 Qxc6 22. c3 Re6 23. Bd4 Rxe1+ 24. Qxe1 Bd3 25. Qd2 Bc4 26. Re1 axb4 27. axb4 Nd7 28. Qe3 Kf8 29. Bh3 Kg8 30. Bf5 Nf8 31. Qe5 f6 32. Qe7 Bb5 33. Qc7 g6 34. Be6+ Nxe6 35. Qxc6 Bxc6 36. Rxe6 Ra1+ 37. Kf2 Ra2+ 38. Ke3 Bb5 39. Rxf6 g5 40. Rg6+ Kf8 41. Bc5+ Kf7 42. Rxh6 Re2+ 43. Kd4 Kg7 44. Rd6 Rd2+ 45. Ke5 Re2+ 46. Kxd5 Kf7 47. Kd4 Rd2+ 48. Ke5 Rxh2 49. Kf5 Rc2 50. Bd4 Rg2 51. g4 Rg3 52. Kxg5 Rxf3 53. Rh6 Ba6 54. b5 Bxb5 55. Rh7+ Ke6 56. Rxb7 Rf7 57. Rxf7 1-0